| 000 | 01593nam a2200289Ia 4500 | ||
|---|---|---|---|
| 999 |
_c44999 _d44999 |
||
| 001 | 11820 | ||
| 003 | GE_BSU | ||
| 005 | 20240624111630.0 | ||
| 008 | 181216s2014||||ge |||||||||||||| ||geo|| | ||
| 020 | _a978-9941-0-6236-0 | ||
| 040 | _cGE_BSU | ||
| 041 | _ageo | ||
| 080 | _a821.133.1.09-32 + 821.133.1-32 ბ–28 | ||
| 100 |
_aბარტი, როლან _93064 |
||
| 245 |
_aS/Z : [ონორე დე ბალზაკის "სარაზინი"-ს ანალიზი] / _cროლან ბარტი ; ფრანგ. თარგმნა ნინო გაგოშაშვილმა ; რედ. ირმა რატიანი [და სხვ.]. |
||
| 250 | _aI-ლი გამოცემა | ||
| 264 |
_aთბილისი : _bთბილ. უნ-ტის გამ-ბა, _c2014. |
||
| 300 |
_a261 გვ. ; _c21 სმ. |
||
| 500 | _aპარალელური თავფურცელი ფრანგულ ენაზე | ||
| 653 | _aლიტერატურათმცოდნეობა | ||
| 653 | _aფრანგული ლიტერატურის ისტორია და კრიტიკა | ||
| 700 |
_aგაგოშაშვილი, ნინო _eმთარგმნელი _922541 |
||
| 700 |
_aრატიანი, ირმა _eრედაქტორი _95778 |
||
| 700 |
_aკენჭოშვილი, ირაკლი _eრედაქტორი _922542 |
||
| 700 |
_aლომიძე, გაგა _eრედაქტორი _918483 |
||
| 942 |
_cBK _2udc |
||